000 00428nmm a2200145Ia 4500
008 251105s9999||||xx |||||||||||||||||und||
041 _aspa
100 _aBotella, Andrés
245 0 _aHormigas en Sincairén
264 _a[Madrid, España] :
_bEditorial Club Universitario: ECU,
_c2017
300 _a445 páginas
650 _aSpanish narrative
856 _uhttps://public.digitaliapublishing.com/a/163913
942 _cCF
999 _c106365
_d106365